<?xml version="1.0" encoding="UTF-8"?>
<record
    xmlns:xsi="http://www.w3.org/2001/XMLSchema-instance"
    xsi:schemaLocation="http://www.loc.gov/MARC21/slim http://www.loc.gov/standards/marcxml/schema/MARC21slim.xsd"
    xmlns="http://www.loc.gov/MARC21/slim">

  <leader>05062nam a2200877 u 4500</leader>
  <controlfield tag="001">1478789</controlfield>
  <controlfield tag="003">CO-MdUADB</controlfield>
  <controlfield tag="005">20260428082156.0</controlfield>
  <controlfield tag="007">ta</controlfield>
  <controlfield tag="008">171110nuuuuuuuu                    spa  </controlfield>
  <datafield tag="020" ind1=" " ind2=" ">
    <subfield code="a">9589578918</subfield>
  </datafield>
  <datafield tag="035" ind1=" " ind2=" ">
    <subfield code="a">1478789</subfield>
  </datafield>
  <datafield tag="040" ind1=" " ind2=" ">
    <subfield code="a">CO-MdUADB</subfield>
    <subfield code="b">spa</subfield>
    <subfield code="c">CO-MdUADB</subfield>
    <subfield code="d">rda</subfield>
  </datafield>
  <datafield tag="041" ind1=" " ind2=" ">
    <subfield code="a">spa</subfield>
  </datafield>
  <datafield tag="080" ind1=" " ind2=" ">
    <subfield code="a">K</subfield>
  </datafield>
  <datafield tag="080" ind1=" " ind2=" ">
    <subfield code="a">V</subfield>
  </datafield>
  <datafield tag="080" ind1=" " ind2=" ">
    <subfield code="a">C/</subfield>
  </datafield>
  <datafield tag="082" ind1=" " ind2="4">
    <subfield code="a">327</subfield>
  </datafield>
  <datafield tag="100" ind1="1" ind2=" ">
    <subfield code="a">Bermudez Quintana, Suzy,</subfield>
    <subfield code="d">1952-</subfield>
    <subfield code="4">edt</subfield>
    <subfield code="0">(isni)0000 0000 6648 5443</subfield>
    <subfield code="0">(viaf)12403357</subfield>
    <subfield code="e">edt</subfield>
    <subfield code="9">238327</subfield>
  </datafield>
  <datafield tag="245" ind1="1" ind2="0">
    <subfield code="a">Culturas para la paz</subfield>
  </datafield>
  <datafield tag="250" ind1=" " ind2=" ">
    <subfield code="a">Primera edici&#xF3;n</subfield>
  </datafield>
  <datafield tag="264" ind1=" " ind2="1">
    <subfield code="a">Bogot&#xE1; :</subfield>
    <subfield code="b">Fundacion Alejandro Angel Escobar ;</subfield>
    <subfield code="c">1995.</subfield>
  </datafield>
  <datafield tag="264" ind1=" " ind2="1">
    <subfield code="b">Tercer Mundo Editores,</subfield>
    <subfield code="c">1995.</subfield>
  </datafield>
  <datafield tag="300" ind1=" " ind2=" ">
    <subfield code="a">xvi, 313 p&#xE1;ginas</subfield>
  </datafield>
  <datafield tag="336" ind1=" " ind2=" ">
    <subfield code="a">texto</subfield>
    <subfield code="b">txt</subfield>
    <subfield code="2">rdacontent</subfield>
  </datafield>
  <datafield tag="337" ind1=" " ind2=" ">
    <subfield code="a">no mediado</subfield>
  </datafield>
  <datafield tag="338" ind1=" " ind2=" ">
    <subfield code="a">volumen</subfield>
  </datafield>
  <datafield tag="490" ind1="0" ind2=" ">
    <subfield code="a">Colecci&#xF3;n Mar&#xED;a Restrepo de &#xC1;ngel ;</subfield>
    <subfield code="v">1</subfield>
  </datafield>
  <datafield tag="500" ind1=" " ind2=" ">
    <subfield code="a">Dise&#xF1;o de cubierta: Marta Granados .</subfield>
  </datafield>
  <datafield tag="500" ind1=" " ind2=" ">
    <subfield code="a">Coordinaci&#xF3;n editorial: Sonia C&#xE1;rdenas Salazar con la colaboraci&#xF3;n de Ren&#xE9; Palencia Ramos.</subfield>
  </datafield>
  <datafield tag="505" ind1="0" ind2="0">
    <subfield code="t">Cap&#xED;tulo leaves Propuestas generales a partir del marco legal del gobierno: derechos humanos, diferencia, conflicto y discriminaci&#xF3;n/ Magdalena Vel&#xE1;squez --</subfield>
    <subfield code="t">Cap&#xED;tulo ll. La relaci&#xF3;n con el otro, con el entorno: la am&#xE9;rica espa&#xF1;ola vista por los europeos/ Pierre Sauvage --</subfield>
    <subfield code="t">Capitulo lll. J&#xF3;venes y centros urbanos: hacia el cambio del sujeto, repensando la acci&#xF3;n humana en la historia, a la luz de la situaci&#xF3;n de la juventud sin casa en la actualidad/ Caroline Higgins.</subfield>
  </datafield>
  <datafield tag="520" ind1="3" ind2=" ">
    <subfield code="a">El libro presenta las ponencias del simposio Culturas para la Paz celebrado dentro del VI Congreso de Antropolog&#xED;a, realizado por la Fundaci&#xF3;n Alejandro Angel Escobar. La Fundaci&#xF3;n considero oportuno dar a conocer las reflexiones sobre como lograr la paz en Colombia, no solo desde el punto de vista de especialistas en negociaci&#xF3;n, comunicaci&#xF3;n, violencia, etc, sino tambi&#xE9;n el de personas no necesariamente especialistas en la materia, pero si interesados en aportar sus conocimientos para construir una sociedad menos autoritaria, patriarcal, racista, clasista y prejuiciada.</subfield>
  </datafield>
  <datafield tag="650" ind1="1" ind2="7">
    <subfield code="a">Derechos humanos</subfield>
    <subfield code="2">lemb</subfield>
    <subfield code="9">30097</subfield>
  </datafield>
  <datafield tag="650" ind1="1" ind2="7">
    <subfield code="a">Educaci&#xF3;n para la paz</subfield>
    <subfield code="2">embne</subfield>
    <subfield code="9">37872</subfield>
  </datafield>
  <datafield tag="650" ind1="1" ind2="7">
    <subfield code="a">Proceso de paz</subfield>
    <subfield code="2">lemb</subfield>
    <subfield code="9">57941</subfield>
  </datafield>
  <datafield tag="650" ind1="1" ind2="7">
    <subfield code="a">Reinserci&#xF3;n</subfield>
    <subfield code="9">39563</subfield>
  </datafield>
  <datafield tag="650" ind1="1" ind2="7">
    <subfield code="a">Quint&#xED;n Lame, Manuel, 1880-1967 - L&#xED;der ind&#xED;gena - Colombia</subfield>
    <subfield code="9">41783</subfield>
  </datafield>
  <datafield tag="650" ind1="1" ind2="7">
    <subfield code="a">Gaviria Trujillo, Cesar - Proceso de paz</subfield>
    <subfield code="9">73430</subfield>
  </datafield>
  <datafield tag="650" ind1="1" ind2="7">
    <subfield code="a">Luchas sociales</subfield>
    <subfield code="z">Colombia</subfield>
    <subfield code="2">lemb</subfield>
    <subfield code="9">40917</subfield>
  </datafield>
  <datafield tag="650" ind1="1" ind2="7">
    <subfield code="a">Violencia</subfield>
    <subfield code="z">Colombia</subfield>
    <subfield code="2">lemb</subfield>
    <subfield code="9">175634</subfield>
  </datafield>
  <datafield tag="650" ind1="1" ind2="7">
    <subfield code="a">Educaci&#xF3;n</subfield>
    <subfield code="z">Colombia</subfield>
    <subfield code="2">lemb</subfield>
    <subfield code="9">32134</subfield>
  </datafield>
  <datafield tag="650" ind1="1" ind2="7">
    <subfield code="a">Juventud - Colombia</subfield>
    <subfield code="9">47285</subfield>
  </datafield>
  <datafield tag="650" ind1="1" ind2="7">
    <subfield code="a">Cultura pol&#xED;tica - Colombia</subfield>
    <subfield code="9">75877</subfield>
  </datafield>
  <datafield tag="650" ind1="1" ind2="7">
    <subfield code="a">Conflicto interno - Colombia</subfield>
    <subfield code="9">152504</subfield>
  </datafield>
  <datafield tag="650" ind1="1" ind2="7">
    <subfield code="a">Paz</subfield>
    <subfield code="2">lemb</subfield>
    <subfield code="9">1513</subfield>
  </datafield>
  <datafield tag="650" ind1="1" ind2="7">
    <subfield code="a">Interculturalismo</subfield>
    <subfield code="9">63379</subfield>
  </datafield>
  <datafield tag="650" ind1="1" ind2="7">
    <subfield code="a">Educaci&#xF3;n</subfield>
    <subfield code="2">embne</subfield>
    <subfield code="9">4652</subfield>
  </datafield>
  <datafield tag="650" ind1="1" ind2="7">
    <subfield code="a">Urbanismo</subfield>
    <subfield code="2">lemb</subfield>
    <subfield code="9">64190</subfield>
  </datafield>
  <datafield tag="650" ind1="1" ind2="7">
    <subfield code="a">Antropolog&#xED;a de la educaci&#xF3;n</subfield>
    <subfield code="2">lemb</subfield>
    <subfield code="9">10118</subfield>
  </datafield>
  <datafield tag="652" ind1="1" ind2="7">
    <subfield code="a">Colombia</subfield>
  </datafield>
  <datafield tag="700" ind1="1" ind2=" ">
    <subfield code="a">Vel&#xE1;squez Toro, Magdala,</subfield>
    <subfield code="d">1948-</subfield>
    <subfield code="4">cre</subfield>
    <subfield code="0">(isni)0000 0001 1697 0456</subfield>
    <subfield code="0">(viaf)107544650</subfield>
    <subfield code="e">aut</subfield>
    <subfield code="9">242124</subfield>
  </datafield>
  <datafield tag="700" ind1="1" ind2=" ">
    <subfield code="a">Grajales Hincapi&#xE9;, Cesar Augusto</subfield>
    <subfield code="4">cre</subfield>
    <subfield code="e">aut</subfield>
    <subfield code="9">766331</subfield>
  </datafield>
  <datafield tag="700" ind1="1" ind2=" ">
    <subfield code="a">Tattay, Pablo</subfield>
    <subfield code="4">cre</subfield>
    <subfield code="0">(isni)0000 0000 4579 0799</subfield>
    <subfield code="0">(viaf)21819372</subfield>
    <subfield code="e">aut</subfield>
    <subfield code="9">568795</subfield>
  </datafield>
  <datafield tag="700" ind1="1" ind2=" ">
    <subfield code="a">Franco, Carlos,</subfield>
    <subfield code="d">1939-2011</subfield>
    <subfield code="4">cre</subfield>
    <subfield code="0">(isni)0000 0001 1117 3765</subfield>
    <subfield code="0">(viaf)215225841</subfield>
    <subfield code="e">aut</subfield>
    <subfield code="9">734959</subfield>
  </datafield>
  <datafield tag="700" ind1="1" ind2=" ">
    <subfield code="a">Valero Due&#xF1;as, Paola Ximena,</subfield>
    <subfield code="d">1971-</subfield>
    <subfield code="4">cre</subfield>
    <subfield code="0">(orcid)0000-0002-5736-7562</subfield>
    <subfield code="0">(isni)0000 0000 5367 0164</subfield>
    <subfield code="0">(viaf)17547532</subfield>
    <subfield code="e">aut</subfield>
    <subfield code="9">736869</subfield>
  </datafield>
  <datafield tag="700" ind1="1" ind2=" ">
    <subfield code="a">Sauvage, Pierre,</subfield>
    <subfield code="d">1942-</subfield>
    <subfield code="4">cre</subfield>
    <subfield code="0">(isni)0000 0001 1600 2762</subfield>
    <subfield code="0">(viaf)17253653</subfield>
    <subfield code="e">aut</subfield>
    <subfield code="9">683289</subfield>
  </datafield>
  <datafield tag="700" ind1="1" ind2=" ">
    <subfield code="a">V&#xE9;lez de Pineda, Margarita</subfield>
    <subfield code="4">cre</subfield>
    <subfield code="e">aut</subfield>
    <subfield code="9">788228</subfield>
  </datafield>
  <datafield tag="700" ind1="1" ind2=" ">
    <subfield code="a">Orobio Granja, Ayda, Hermana</subfield>
    <subfield code="4">cre</subfield>
    <subfield code="0">(isni)0000 0000 4436 0631</subfield>
    <subfield code="0">(viaf)58794518</subfield>
    <subfield code="e">aut</subfield>
    <subfield code="9">690517</subfield>
  </datafield>
  <datafield tag="700" ind1="1" ind2=" ">
    <subfield code="a">Granados, Luis Enrique</subfield>
    <subfield code="4">cre</subfield>
    <subfield code="e">aut</subfield>
    <subfield code="9">291669</subfield>
  </datafield>
  <datafield tag="700" ind1="1" ind2=" ">
    <subfield code="a">Aristizabal Giraldo, Silvio</subfield>
    <subfield code="4">cre</subfield>
    <subfield code="0">(isni)0000 0000 4525 3168</subfield>
    <subfield code="0">(viaf)6597809</subfield>
    <subfield code="e">aut</subfield>
    <subfield code="9">263056</subfield>
  </datafield>
  <datafield tag="700" ind1="1" ind2=" ">
    <subfield code="a">Barrera Parra, Jaime,</subfield>
    <subfield code="d">1890-1935</subfield>
    <subfield code="4">cre</subfield>
    <subfield code="0">(isni)0000 0001 1446 1666</subfield>
    <subfield code="0">(viaf)63998683</subfield>
    <subfield code="e">aut</subfield>
    <subfield code="9">255193</subfield>
  </datafield>
  <datafield tag="700" ind1="1" ind2=" ">
    <subfield code="a">Higgins, Caroline</subfield>
    <subfield code="4">cre</subfield>
    <subfield code="e">aut</subfield>
    <subfield code="9">792910</subfield>
  </datafield>
  <datafield tag="700" ind1="1" ind2=" ">
    <subfield code="a">Sadlier Cuervo, Karen </subfield>
    <subfield code="4">cre</subfield>
    <subfield code="0">(isni)0000 0001 0989 8230</subfield>
    <subfield code="0">(viaf)76492667</subfield>
    <subfield code="e">aut</subfield>
    <subfield code="9">787582</subfield>
  </datafield>
  <datafield tag="700" ind1="1" ind2=" ">
    <subfield code="a">Restrepo Yusti, Manuel</subfield>
    <subfield code="4">cre</subfield>
    <subfield code="0">(isni)0000 0000 3182 0117</subfield>
    <subfield code="0">(viaf)63285413</subfield>
    <subfield code="e">aut</subfield>
    <subfield code="9">313391</subfield>
  </datafield>
  <datafield tag="700" ind1="1" ind2=" ">
    <subfield code="a">Bland&#xF3;n Cardona, Jorge Iv&#xE1;n</subfield>
    <subfield code="4">cre</subfield>
    <subfield code="e">aut</subfield>
    <subfield code="9">516315</subfield>
  </datafield>
  <datafield tag="700" ind1="1" ind2=" ">
    <subfield code="a">Guti&#xE9;rrez, H&#xE9;ctor Mario</subfield>
    <subfield code="4">cre</subfield>
    <subfield code="e">aut</subfield>
    <subfield code="9">451476</subfield>
  </datafield>
  <datafield tag="700" ind1="1" ind2=" ">
    <subfield code="a">Escobar H., Victoria</subfield>
    <subfield code="4">cre</subfield>
    <subfield code="e">aut</subfield>
    <subfield code="9">787649</subfield>
  </datafield>
  <datafield tag="700" ind1="1" ind2=" ">
    <subfield code="a">Garc&#xED;a Schlegel, Mar&#xED;a Teresa</subfield>
    <subfield code="4">cre</subfield>
    <subfield code="e">aut</subfield>
    <subfield code="9">732774</subfield>
  </datafield>
  <datafield tag="700" ind1="1" ind2=" ">
    <subfield code="a">Trigos, Maritze</subfield>
    <subfield code="4">cre</subfield>
    <subfield code="e">aut</subfield>
    <subfield code="9">794173</subfield>
  </datafield>
  <datafield tag="700" ind1="1" ind2=" ">
    <subfield code="a">Bodnar Contreras, Yolanda</subfield>
    <subfield code="4">cre</subfield>
    <subfield code="0">(isni)0000 0000 3939 5012</subfield>
    <subfield code="0">(viaf)70938197</subfield>
    <subfield code="e">aut</subfield>
    <subfield code="9">502131</subfield>
  </datafield>
  <datafield tag="700" ind1="1" ind2=" ">
    <subfield code="a">Garc&#xED;a O., Gloria</subfield>
    <subfield code="4">cre</subfield>
    <subfield code="e">aut</subfield>
    <subfield code="9">794174</subfield>
  </datafield>
  <datafield tag="700" ind1="1" ind2=" ">
    <subfield code="a">Ocampo , Matilde</subfield>
    <subfield code="4">cre</subfield>
    <subfield code="e">aut</subfield>
    <subfield code="9">792914</subfield>
  </datafield>
  <datafield tag="700" ind1="1" ind2=" ">
    <subfield code="a">Sanz de Santamaria, Alejandro</subfield>
    <subfield code="4">cre</subfield>
    <subfield code="0">(isni)0000 0000 2762 8894</subfield>
    <subfield code="0">(viaf)70455458</subfield>
    <subfield code="e">aut</subfield>
    <subfield code="9">255658</subfield>
  </datafield>
  <datafield tag="710" ind1="2" ind2=" ">
    <subfield code="a">Congreso de Antropologia en Colombia (6. : 1992 : Bogota),</subfield>
    <subfield code="4">aut</subfield>
    <subfield code="e">aut</subfield>
  </datafield>
  <datafield tag="942" ind1=" " ind2=" ">
    <subfield code="c">BOOK</subfield>
    <subfield code="2">ddc</subfield>
  </datafield>
  <datafield tag="999" ind1=" " ind2=" ">
    <subfield code="c">769684</subfield>
    <subfield code="d">769684</subfield>
  </datafield>
  <datafield tag="952" ind1=" " ind2=" ">
    <subfield code="0">0</subfield>
    <subfield code="1">0</subfield>
    <subfield code="4">0</subfield>
    <subfield code="7">0</subfield>
    <subfield code="8">GEN</subfield>
    <subfield code="a">BC</subfield>
    <subfield code="b">BC</subfield>
    <subfield code="d">1998-04-23</subfield>
    <subfield code="i">C9135</subfield>
    <subfield code="l">0</subfield>
    <subfield code="o">327.172 C968</subfield>
    <subfield code="p">61000002577845</subfield>
    <subfield code="r">2023-04-20 00:00:00</subfield>
    <subfield code="t">1</subfield>
    <subfield code="w">2023-04-20</subfield>
    <subfield code="y">BOOK</subfield>
  </datafield>
  <datafield tag="952" ind1=" " ind2=" ">
    <subfield code="0">0</subfield>
    <subfield code="1">0</subfield>
    <subfield code="4">0</subfield>
    <subfield code="7">0</subfield>
    <subfield code="8">GEN</subfield>
    <subfield code="a">BC</subfield>
    <subfield code="b">BC</subfield>
    <subfield code="d">1998-04-23</subfield>
    <subfield code="i">C11244</subfield>
    <subfield code="l">0</subfield>
    <subfield code="o">327.172 C968 e2</subfield>
    <subfield code="p">61000002577787</subfield>
    <subfield code="r">2023-04-20 00:00:00</subfield>
    <subfield code="t">2</subfield>
    <subfield code="w">2023-04-20</subfield>
    <subfield code="y">BOOK</subfield>
  </datafield>
  <datafield tag="952" ind1=" " ind2=" ">
    <subfield code="0">0</subfield>
    <subfield code="1">0</subfield>
    <subfield code="4">0</subfield>
    <subfield code="7">0</subfield>
    <subfield code="8">GEN</subfield>
    <subfield code="a">BC</subfield>
    <subfield code="b">BC</subfield>
    <subfield code="d">1996-07-24</subfield>
    <subfield code="i">C11245</subfield>
    <subfield code="l">0</subfield>
    <subfield code="o">327.172 C968 e3</subfield>
    <subfield code="p">61000000352894</subfield>
    <subfield code="r">2023-04-20 00:00:00</subfield>
    <subfield code="t">3</subfield>
    <subfield code="w">2023-04-20</subfield>
    <subfield code="y">BOOK</subfield>
  </datafield>
  <datafield tag="952" ind1=" " ind2=" ">
    <subfield code="0">0</subfield>
    <subfield code="1">0</subfield>
    <subfield code="4">0</subfield>
    <subfield code="7">0</subfield>
    <subfield code="8">GEN</subfield>
    <subfield code="a">BC</subfield>
    <subfield code="b">BC</subfield>
    <subfield code="d">1997-07-22</subfield>
    <subfield code="i">C11246</subfield>
    <subfield code="l">0</subfield>
    <subfield code="o">327.172 C968 e4</subfield>
    <subfield code="p">61000001640016</subfield>
    <subfield code="r">2023-04-20 00:00:00</subfield>
    <subfield code="t">4</subfield>
    <subfield code="w">2023-04-20</subfield>
    <subfield code="y">BOOK</subfield>
  </datafield>
  <datafield tag="952" ind1=" " ind2=" ">
    <subfield code="0">0</subfield>
    <subfield code="1">0</subfield>
    <subfield code="4">0</subfield>
    <subfield code="7">0</subfield>
    <subfield code="8">GENERAL</subfield>
    <subfield code="a">IEP</subfield>
    <subfield code="b">IEP</subfield>
    <subfield code="d">2005-07-21</subfield>
    <subfield code="e">Compras</subfield>
    <subfield code="i">C873940</subfield>
    <subfield code="l">0</subfield>
    <subfield code="o">K00778</subfield>
    <subfield code="p">0602105</subfield>
    <subfield code="r">2023-04-20 00:00:00</subfield>
    <subfield code="t">5</subfield>
    <subfield code="w">2023-04-20</subfield>
    <subfield code="y">BOOK</subfield>
  </datafield>
  <datafield tag="952" ind1=" " ind2=" ">
    <subfield code="0">0</subfield>
    <subfield code="1">0</subfield>
    <subfield code="4">0</subfield>
    <subfield code="7">0</subfield>
    <subfield code="8">GENERAL</subfield>
    <subfield code="a">CISH</subfield>
    <subfield code="b">CISH</subfield>
    <subfield code="d">2006-06-09</subfield>
    <subfield code="i">C908238</subfield>
    <subfield code="l">0</subfield>
    <subfield code="o">V-05448</subfield>
    <subfield code="p">0619482</subfield>
    <subfield code="r">2023-04-20 00:00:00</subfield>
    <subfield code="t">6</subfield>
    <subfield code="w">2023-04-20</subfield>
    <subfield code="y">BOOK</subfield>
  </datafield>
  <datafield tag="952" ind1=" " ind2=" ">
    <subfield code="0">0</subfield>
    <subfield code="1">0</subfield>
    <subfield code="4">0</subfield>
    <subfield code="7">0</subfield>
    <subfield code="8">GENERAL</subfield>
    <subfield code="a">INER</subfield>
    <subfield code="b">INER</subfield>
    <subfield code="d">2007-02-27</subfield>
    <subfield code="i">C941084</subfield>
    <subfield code="l">0</subfield>
    <subfield code="o">C/0756</subfield>
    <subfield code="p">0638088</subfield>
    <subfield code="r">2023-04-20 00:00:00</subfield>
    <subfield code="t">7</subfield>
    <subfield code="w">2023-04-20</subfield>
    <subfield code="y">BOOK</subfield>
  </datafield>
  <datafield tag="952" ind1=" " ind2=" ">
    <subfield code="0">0</subfield>
    <subfield code="1">0</subfield>
    <subfield code="4">0</subfield>
    <subfield code="7">0</subfield>
    <subfield code="8">GENERAL</subfield>
    <subfield code="a">ANDES</subfield>
    <subfield code="b">ANDES</subfield>
    <subfield code="d">2008-02-29</subfield>
    <subfield code="i">C991016</subfield>
    <subfield code="l">0</subfield>
    <subfield code="o">327.172 C968</subfield>
    <subfield code="p">6-10000003235146</subfield>
    <subfield code="r">2023-04-20 00:00:00</subfield>
    <subfield code="t">8</subfield>
    <subfield code="w">2023-04-20</subfield>
    <subfield code="y">BOOK</subfield>
  </datafield>
</record>
